Gewöhnliche differentialgleichungen
Αποθηκεύτηκε σε:
| Κύριος συγγραφέας: | |
|---|---|
| Μορφή: | Βιβλίο |
| Γλώσσα: | German |
| Δημοσίευση: |
Berlin :
Walter de Gruyter & Co.,
1938
|
| Έκδοση: | 3η έκδ., Ανάθ. |
| Σειρά: | Sammlung Goschen ;
920 |
| Θέματα: | |
| Ετικέτες: |
Προσθήκη ετικέτας
Δεν υπάρχουν, Καταχωρήστε ετικέτα πρώτοι!
|
MARC
| LEADER | 00000cam a2200000 a 4500 | ||
|---|---|---|---|
| 001 | 1/107041 | ||
| 008 | 150618s1938####gw | ||| |||| ||ger|| | ||
| 040 | |a GR-MyUa |b gre |c GR-MyUa |e AACR2 | ||
| 041 | 0 | |a ger | |
| 082 | 7 | |a 515.35 |2 (23) | |
| 100 | 1 | |a Hoheisel, G. |q (Guido), |d 1894-1968. | |
| 245 | 1 | 0 | |a Gewöhnliche differentialgleichungen / |c von Guido Hoheisel. |
| 250 | |a 3η έκδ., Ανάθ. | ||
| 260 | |a Berlin : |b Walter de Gruyter & Co., |c 1938 | ||
| 300 | |a 126 σ. ; |c 16 εκ. | ||
| 490 | 1 | |a (Sammlung Goschen) |v ; 920 | |
| 650 | 0 | |a Differential equations. | |
| 830 | 0 | |a Sammlung Goschen ; |v 920 | |
| 852 | |a INST |b SAMOS |c MAG |e 20150618 |h 515.35 HOH |p 005300035204 |q 005300035204 |t BK |y 0 | ||
| 970 | |a Σιτζίμη |b Γιασεμή |z 18/06/2015 | ||